Personnel management : principles, practices and a point of view (Record no. 153431)

MARC details
000 -LEADER
fixed length control field 00351nam a2200121Ia 4500
008 - FIXED-LENGTH DATA ELEMENTS--GENERAL INFORMATION
fixed length control field 161229s9999 xx 000 0 und d
082 ## - DEWEY DECIMAL CLASSIFICATION NUMBER
Classification number 658.3 SCO/PE
100 ## - MAIN ENTRY--PERSONAL NAME
Personal name Scott, Walter Dill
245 ## - TITLE STATEMENT
Title Personnel management : principles, practices and a point of view
260 ## - PUBLICATION, DISTRIBUTION, ETC. (IMPRINT)
Name of publisher, distributor, etc. Tata mcgraw-hill publishing company ltd
300 ## - PHYSICAL DESCRIPTION
Extent 623
942 ## - ADDED ENTRY ELEMENTS (KOHA)
Koha item type Books (General)
Holdings
Withdrawn status Lost status Damaged status Not for loan Home library Current library Date acquired Total Checkouts Full call number Barcode Date last seen Price effective from Koha item type Public note
        KAU Central Library, Thrissur KAU Central Library, Thrissur 29/12/2016   658.3 SCO/PE 904740 29/12/2016 29/12/2016 Books (General) Book transferred from CCBM Library ,Acc.No:3042
Kerala Agricultural University Central Library
Thrissur-(Dt.), Kerala Pin:- 680656, India
Ph : (+91)(487) 2372219
E-mail: librarian@kau.in
Website: http://library.kau.in/